000
00352nam a2200133Ia 4500
008
151001s9999||||xx |||||||||||||| ||und||
100
_a
मंदाकिनी आष्टीकर
245
_a
बहरला वृक्ष
250
_a
1
260
_b
निशिगंधा
260
_c
2005
300
_a
240
365
_b
18
999
_c
984889
_d
984886